| 000 | 01173cam a22003737a 4500 | ||
|---|---|---|---|
| 003 | CHAP | ||
| 005 | 20220817042539.0 | ||
| 008 | 971013s1994 r 00010 d | ||
| 010 | _a47762 | ||
| 011 | _a48734 | ||
| 035 | _a52880 | ||
| 040 | _cCHAP | ||
| 082 |
_a639.2096 _bF3 v.27 |
||
| 110 | _aFAO | ||
| 245 | 1 | 2 | _aA strategic assessment of warm-water fish farming potential in Africa |
| 260 |
_aRome : _bFAO, _c1994 |
||
| 300 |
_a67 p. _b: ilus. |
||
| 410 | _aFAO | ||
| 490 | 0 |
_aCIFA. Documento técnico _v; 27 |
|
| 590 |
_aBATCH-UPD _b10 _c20130110 _lUCH01 _h1549 |
||
| 590 |
_aBATCH-UPD _b10 _c20130410 _lUCH01 _h0948 |
||
| 590 |
_aBATCH-UPD _b10 _c20130914 _lUCH01 _h0938 |
||
| 590 |
_aCONVERSION _b10 _c20130109 _lUCH01 _h1326 |
||
| 650 | 1 | 4 |
_aAcuicultura. _9758 |
| 650 | 1 | 4 |
_aPesca _xAfrica. _987354 |
| 650 | 1 | 4 |
_aPiscicultura _xAfrica. _988532 |
| 700 | 0 |
_aMcDaid Kapetsky, James. _973462 |
|
| 810 | 0 | _aFAO | |
| 830 | 0 | 0 |
_aCIFA. Documento técnico _v; 27 _923266 |
| 901 | _aBK | ||
| 942 | _cLIBRO | ||
| 949 |
_a639.2096 F3 v.27 _bBC _cFAO _d33724000396297 _eFAO1 _h89646 _i52880 _si |
||
| 949 |
_a639.2096 F3 v.27 _bBC _cFAO _d33724000396339 _eFAO2 _fc.2 _h89647 _i52880 _si |
||
| 999 |
_c47762 _d47762 |
||